00390nam a2200169Ia 4500003000900000008004100009040001300050040001300063041000800076100002200084245006800106250001100174260000900185260000900194300001000203490000700213IT-RoPAU120407s9999 xx 000 0 und d aIT-RoPAU cIT-RoPAU aita aRoberto Almagià aLe regioni d’Italia. Collezione diretta da Roberto Almagià. aTorino aUtet c1960 c29 cm v18